Where did it go wrong?: hybridization and crisis of Toyota Motor manufacturins UK, 1989-2001 /

Gespeichert in:
Bibliographische Detailangaben
1. Verfasser: Pardi, Tommaso
Format: Text
Schlagworte:
Tags: Tag hinzufügen
Keine Tags, Fügen Sie den ersten Tag hinzu!

MARC

LEADER 00000 a a2200000 04500
001 8813
003
040
100 |a Pardi, Tommaso  
245 |a Where did it go wrong?:   |b hybridization and crisis of Toyota Motor manufacturins UK, 1989-2001 /  |c Tommaso Pardi  
650 |a PROCESOS INDUSTRIALES  
650 |a PRODUCCION INDUSTRIAL  
650 |a MODOS DE PRODUCCION  
650 |a AUTOMOVILES  
650 |a CRISIS  
650 |a JAPON  
650 |a EUROPA  
773 |g volumen 20, número 1; páginas 93-118  
999 |c 21346  |d 21346